[Event "Oberliga NRW 2324"]
[Site "Germany"]
[Date "2023.10.29"]
[Round "3.2"]
[White "Limbourg, Philipp"]
[Black "Kueppers, Timo"]
[Result "0-1"]
[WhiteElo "2201"]
[BlackElo "2204"]
[PlyCount "64"]
[EventDate "2023.09.03"]
[EventType "team-tourn"]
[EventRounds "9"]
[EventCountry "GER"]
[SourceTitle "EXT 2025"]
[Source "ChessBase"]
[SourceDate "2024.10.14"]
[SourceVersion "1"]
[SourceVersionDate "2024.10.14"]
[SourceQuality "1"]
[WhiteTeam "Muelheim Nord III"]
[BlackTeam "Essen Katernberg"]
[WhiteTeamCountry "GER"]
[BlackTeamCountry "GER"]

1. e4 c5 2. Nc3 a6 3. f4 b5 4. Qe2 Bb7 5. d3 Nc6 6. Nf3 e6 7. g3 Nd4 8. Nxd4 cxd4 9. Nd1 d5 10. Bg2 dxe4 11. dxe4 Nf6 12. 0-0 Rc8 13. c3 d3 14. Qe1 Bc5+ 15. Kh1 Nxe4 16. Be3 0-0 17. Nf2 Nxf2+ 18. Rxf2 Bxg2+ 19. Kxg2 Qd5+ 20. Kg1 Rfd8 21. Rd2 b4 22. Rc1 bxc3 23. bxc3 Ba3 24. Rcd1 Rxc3 25. Qf1 Bc5 26. Qf2 Bxe3 27. Qxe3 h6 28. Qb6 a5 29. a4 Rd6 30. Qb2 Qc5+ 31. Kf1 Rb6 32. Qa1 Rbb3 0-1

[Event "Ruhrgebiet Verbandsliga Gruppe 2 1718"]
[Site "Germany"]
[Date "2018.02.04"]
[Round "6.3"]
[White "Limbourg, Philipp"]
[Black "Birdaini, Becir"]
[Result "0-1"]
[WhiteElo "2165"]
[BlackElo "2010"]
[PlyCount "110"]
[EventDate "2017.09.17"]
[EventType "team-tourn"]
[EventRounds "9"]
[EventCountry "GER"]
[SourceTitle "EXT 2022"]
[Source "ChessBase"]
[SourceDate "2021.10.06"]
[SourceVersion "1"]
[SourceVersionDate "2021.10.06"]
[SourceQuality "1"]
[WhiteTeam "Muelheim Nord III"]
[BlackTeam "Altenessen"]
[WhiteTeamCountry "GER"]
[BlackTeamCountry "GER"]

1. e4 c6 2. Nc3 d5 3. d4 dxe4 4. Nxe4 Bf5 5. Ng3 Bg6 6. Nh3 e6 7. Nf4 Bd6 8. h4 Bxf4 9. Bxf4 h6 10. h5 Bh7 11. Bc4 Nf6 12. Qd2 Nbd7 13. 0-0-0 Nb6 14. Bb3 a5 15. a4 Nbd5 16. Be5 0-0 17. Rhe1 b5 18. Bxf6 Nxf6 19. Re5 Qd6 20. Rde1 Kh8 21. f4 Nd7 22. R5e3 Nb6 23. Rf3 bxa4 24. Ba2 a3 25. Rxa3 a4 26. Ne4 Bxe4 27. Rxe4 Rfb8 28. f5 exf5 29. Re5 Nd7 30. Rxf5 Rxb2 31. Kxb2 Rb8+ 32. Bb3 Nb6 33. Rc5 axb3 34. Qc3 Nd5 35. Qd2 bxc2+ 36. Rb3 Ra8 37. Rxc2 Qe6 38. Qe2 Qf6 39. Qe5 Qd8 40. Rxc6 Nf6 41. g3 Nd7 42. Qd5 Qe8 43. Rb7 Qe2+ 44. Rc2 Qa6 45. Kc3 Nf6 46. Qh1 Qa5+ 47. Kd3 Qf5+ 48. Kd2 Ne4+ 49. Kc1 Qg5+ 50. Kb1 Qa5 51. Kc1 Qg5+ 52. Kb2 Qd5 53. Rb4 Qa2+ 54. Kc1 Qa1+ 55. Rb1 Qa3+ 0-1

[Event "GER-chT Betriebe 16th"]
[Site "Dresden"]
[Date "2016.11.05"]
[Round "4.1"]
[White "Koscielski, Janusch"]
[Black "Limbourg, Philipp"]
[Result "1/2-1/2"]
[WhiteElo "2332"]
[BlackElo "2206"]
[PlyCount "102"]
[EventDate "2016.11.03"]
[EventType "team-swiss"]
[EventRounds "7"]
[EventCountry "GER"]
[SourceTitle "EXT 2020"]
[Source "ChessBase"]
[SourceDate "2019.10.17"]
[SourceVersion "1"]
[SourceVersionDate "2019.10.17"]
[SourceQuality "1"]
[WhiteTeam "Herne Wanne Eickel EKJ"]
[BlackTeam "Essen RWE"]
[WhiteTeamCountry "GER"]
[BlackTeamCountry "GER"]

1. e4 c5 2. Nf3 Nc6 3. Bb5 e5 4. 0-0 Nge7 5. Re1 g6 6. d3 Bg7 7. Bg5 h6 8. Bxe7 Qxe7 9. Nc3 0-0 10. Nd5 Qd8 11. a4 d6 12. c3 Bg4 13. Ne3 Be6 14. Bc4 Qd7 15. Nd2 h5 16. Bd5 Bh6 17. Ndc4 Bxe3 18. Nxe3 Ne7 19. Qb3 Bxd5 20. Nxd5 Nxd5 21. Qxd5 Qc6 22. Qc4 Rab8 23. Re2 Qa6 24. Ree1 Qxc4 25. dxc4 f6 26. Rad1 Rbd8 27. Rd5 Kf7 28. g3 g5 29. Red1 Ke7 30. Kg2 g4 31. h3 gxh3+ 32. Kxh3 f5 33. exf5 Rf6 34. f3 Rh8 35. f4 exf4 36. gxf4 Rhf8 37. Rg1 Rxf5 38. Rg7+ Ke6 39. Rg6+ R8f6 40. Rxf6+ Rxf6 41. Kg3 Rg6+ 42. Kf3 Rh6 43. f5+ Ke7 44. Kg3 h4+ 45. Kh3 Rh7 46. Rd2 b6 47. b4 Kf6 48. Rxd6+ Kxf5 49. Rd5+ Ke4 50. bxc5 bxc5 51. a5 Rh6 1/2-1/2

[Event "Ruhrgebiet Regionalliga 1617"]
[Site "Germany"]
[Date "2016.10.02"]
[Round "2.3"]
[White "Limbourg, Philipp"]
[Black "Krueger, Erich"]
[Result "0-1"]
[WhiteElo "2163"]
[BlackElo "2144"]
[PlyCount "60"]
[EventDate "2016.09.11"]
[EventType "team-tourn"]
[EventRounds "9"]
[EventCountry "GER"]
[SourceTitle "EXT 2022"]
[Source "ChessBase"]
[SourceDate "2021.10.06"]
[SourceVersion "1"]
[SourceVersionDate "2021.10.06"]
[SourceQuality "1"]
[WhiteTeam "Muelheim Nord III"]
[BlackTeam "Katernberg SF III"]
[WhiteTeamCountry "GER"]
[BlackTeamCountry "GER"]

1. e4 c6 2. Nc3 d5 3. Nf3 Bg4 4. h3 Bxf3 5. Qxf3 Nf6 6. d3 e5 7. Be2 Bb4 8. 0-0 d4 9. Nd1 Nbd7 10. c3 Bd6 11. Qg3 Qc7 12. Qxg7 Rg8 13. Qh6 Rg6 14. Qd2 0-0-0 15. Re1 Nc5 16. Bf1 Ne6 17. Qe2 Rdg8 18. Bd2 Bc5 19. Rc1 Bb6 20. Kh1 h5 21. c4 Qd8 22. b4 Ng4 23. f3 Ne3 24. Bxe3 dxe3 25. c5 Nf4 26. Qxe3 Nxg2 27. Bxg2 Rxg2 28. Nf2 Qh4 29. Rg1 Qg3 30. Qe1 Qh2# 0-1

[Event "Ruhrgebiet Regionalliga 1516"]
[Site "Germany"]
[Date "2016.04.10"]
[Round "8.4"]
[White "Boehm, Ingo"]
[Black "Limbourg, Philipp"]
[Result "1-0"]
[WhiteElo "2008"]
[BlackElo "2193"]
[PlyCount "109"]
[EventDate "2015.09.13"]
[EventType "team-tourn"]
[EventRounds "9"]
[EventCountry "GER"]
[SourceTitle "EXT 2022"]
[Source "ChessBase"]
[SourceDate "2021.10.06"]
[SourceVersion "1"]
[SourceVersionDate "2021.10.06"]
[SourceQuality "1"]
[WhiteTeam "Bochum-Linden"]
[BlackTeam "Muelheim Nord III"]
[WhiteTeamCountry "GER"]
[BlackTeamCountry "GER"]

1. e4 c5 2. Nf3 Nc6 3. d4 cxd4 4. Nxd4 Qb6 5. Nb3 Nf6 6. Nc3 e6 7. g3 Bb4 8. Bg2 d5 9. 0-0 dxe4 10. Be3 Qc7 11. Nxe4 Nxe4 12. Bxe4 0-0 13. c4 Be7 14. Qe2 f5 15. Bf4 e5 16. Bxc6 exf4 17. Bd5+ Kh8 18. gxf4 Bf6 19. Qd2 Bd7 20. Nd4 Rad8 21. Rad1 a6 22. Rfe1 b5 23. b3 bxc4 24. bxc4 Qc5 25. Qd3 Qa5 26. Re2 Rfe8 27. Rdd2 Qc7 28. Qf3 Rxe2 29. Nxe2 Qa5 30. Qd3 Be6 31. Ng3 g6 32. Nf1 Bc3 33. Rc2 Bf6 34. Ne3 Qc7 35. Qe2 Bc8 36. Qf3 Qa5 37. Re2 Qc3 38. Kg2 Qd4 39. Nc2 Qb2 40. Qb3 Qc1 41. Qb6 Qb2 42. Nb4 Qc3 43. Nc6 Rf8 44. Qc5 Bg7 45. Ne5 Qc1 46. Nf7+ Kg8 47. Qc7 Qd1 48. Re3 h6 49. Nd6+ Kh8 50. Nxc8 Bd4 51. Ne7 Rg8 52. Bxg8 Qg4+ 53. Rg3 Qe2 54. Nxg6+ Kxg8 55. Ne5+ 1-0

[Event "Ruhrgebiet Regionalliga 1415"]
[Site "Germany"]
[Date "2014.12.21"]
[Round "4.3"]
[White "Kandic, Milan"]
[Black "Limbourg, Philipp"]
[Result "1/2-1/2"]
[WhiteElo "2062"]
[BlackElo "2115"]
[PlyCount "272"]
[EventDate "2014.09.28"]
[EventType "team-tourn"]
[EventRounds "9"]
[EventCountry "GER"]
[SourceTitle "EXT 2022"]
[Source "ChessBase"]
[SourceDate "2021.10.06"]
[SourceVersion "1"]
[SourceVersionDate "2021.10.06"]
[SourceQuality "1"]
[WhiteTeam "Hamm SV"]
[BlackTeam "Muelheim Nord III"]
[WhiteTeamCountry "GER"]
[BlackTeamCountry "GER"]

1. e4 c5 2. Nf3 e6 3. d3 Nc6 4. g3 b6 5. Bg2 Bb7 6. 0-0 Nf6 7. e5 Nd5 8. c4 Nc7 9. Nc3 Be7 10. Ne4 0-0 11. h4 Ne8 12. Bf4 d6 13. d4 cxd4 14. exd6 Nxd6 15. Nxd6 Bxd6 16. Nxd4 Bxf4 17. Nxc6 Qc7 18. Qf3 Be5 19. Ne7+ Qxe7 20. Qxb7 Qxb7 21. Bxb7 Rab8 22. Ba6 Bxb2 23. Rad1 Rfd8 24. Kg2 Kf8 25. Kf3 Ke7 26. g4 Bf6 27. h5 h6 28. Ke4 Bc3 29. f4 Bd2 30. Rf2 Bb4 31. Rff1 Bc5 32. a4 Rf8 33. f5 Rfd8 34. Bb5 Rbc8 35. Ba6 Rxd1 36. Rxd1 Rc7 37. Bb5 Bd6 38. fxe6 fxe6 39. Rd4 Rc5 40. Kf3 Rc8 41. Re4 Rf8+ 42. Kg2 Bc5 43. Ba6 Rf2+ 44. Kg3 Ra2 45. Bb5 Ra3+ 46. Kg2 Bd6 47. Rd4 Rg3+ 48. Kf2 Rc3 49. Ke2 Rc1 50. Rd1 Rxd1 51. Kxd1 Kf6 52. Bd7 e5 53. Bf5 Kg5 54. Ke2 Kf4 55. Kd3 Bc5 56. Bg6 Kxg4 57. Ke4 Bd4 58. Be8 Kg5 59. Bg6 Kf6 60. Kd5 Bc5 61. a5 Bd4 62. axb6 axb6 63. Ke4 Ke6 64. Be8 Bc5 65. Bg6 Be7 66. Be8 Bd6 67. Bg6 Bf8 68. Bf5+ Kd6 69. Bg4 Be7 70. Be2 Ke6 71. Bg4+ Kf6 72. Bf5 g5 73. hxg6 Bf8 74. Bd7 h5 75. Kd5 h4 76. Ke4 Bg7 77. Bh3 Kxg6 78. Kd5 Bf6 79. Ke4 Kg5 80. Bd7 Bg7 81. Bh3 Kf6 82. Kd5 Bf8 83. Bc8 Bc5 84. Bh3 Bd4 85. Bc8 Ke7 86. Bf5 Bc3 87. Bh3 Kd8 88. c5 b5 89. c6 Kc7 90. Bg2 Bd4 91. Bf1 b4 92. Kc4 Kxc6 93. Bg2+ Kd6 94. Kxb4 Ke6 95. Be4 Kf6 96. Kc4 Kg5 97. Kd3 Kf4 98. Bh1 Kg3 99. Ke2 Kh2 100. Be4 Kg1 101. Bf5 Kg2 102. Be4+ Kg3 103. Kf1 h3 104. Bf5 Bb6 105. Be4 Kf4 106. Bh1 Bc5 107. Ke2 e4 108. Kf1 Bb6 109. Ke2 Ba7 110. Kf1 e3 111. Bc6 Kg3 112. Bd5 Bc5 113. Bc6 Kh2 114. Bd5 Be7 115. Be4 Bh4 116. Bd5 Bf2 117. Bc6 Kg3 118. Bd5 Kf4 119. Bc6 Ke5 120. Ke2 Kd4 121. Bh1 Ke5 122. Bc6 Kf4 123. Kf1 Kg3 124. Bd5 Bg1 125. Bc6 Bh2 126. Bd5 Kf4 127. Ke2 Bg3 128. Kf1 Ke5 129. Bf3 Kd4 130. Kg1 Kd3 131. Kh1 Kd2 132. Bg4 Bc7 133. Bf3 Ke1 134. Bg4 Kf2 135. Bh5 e2 136. Bxe2 Kxe2 1/2-1/2

[Event "Ruhrgebiet Regionalliga 1415"]
[Site "Germany"]
[Date "2014.10.26"]
[Round "2.4"]
[White "Limbourg, Philipp"]
[Black "Boehm, Juergen1"]
[Result "1-0"]
[WhiteElo "2115"]
[BlackElo "2170"]
[PlyCount "47"]
[EventDate "2014.09.28"]
[EventType "team-tourn"]
[EventRounds "9"]
[EventCountry "GER"]
[SourceTitle "EXT 2022"]
[Source "ChessBase"]
[SourceDate "2021.10.06"]
[SourceVersion "1"]
[SourceVersionDate "2021.10.06"]
[SourceQuality "1"]
[WhiteTeam "Muelheim Nord III"]
[BlackTeam "Brackel SF"]
[WhiteTeamCountry "GER"]
[BlackTeamCountry "GER"]

1. e4 e6 2. b3 d5 3. Bb2 dxe4 4. Nc3 Nf6 5. Qe2 Be7 6. g4 h6 7. Bg2 Bd7 8. 0-0-0 Bc6 9. h4 Kf8 10. Nh3 a5 11. g5 Nd5 12. Bxe4 Nxc3 13. dxc3 Bd6 14. c4 Qe7 15. Kb1 a4 16. Rhg1 hxg5 17. Nxg5 e5 18. Nh7+ Rxh7 19. Bxh7 Qxh4 20. c5 Be7 21. Qxe5 Bf6 22. Rd8+ Bxd8 23. Qxg7+ Ke8 24. Qe5+ 1-0

[Event "Golden Sands Europe op 3rd"]
[Site "Golden Sands"]
[Date "2014.06.16"]
[Round "7"]
[White "Limbourg, Philipp"]
[Black "Fisabilillah, Ummi"]
[Result "1/2-1/2"]
[WhiteElo "2166"]
[BlackElo "1844"]
[PlyCount "79"]
[EventDate "2014.06.10"]
[EventType "swiss"]
[EventRounds "9"]
[EventCountry "BUL"]
[SourceTitle "CBM 160 Extra"]
[Source "ChessBase"]
[SourceDate "2014.07.01"]
[SourceVersion "1"]
[SourceVersionDate "2014.07.01"]
[SourceQuality "1"]

1. e4 e6 2. c4 d5 3. exd5 exd5 4. cxd5 Qxd5 5. Nf3 Nf6 6. Nc3 Qd8 7. Bc4 Be7 8. 0-0 0-0 9. d4 Bg4 10. h3 Bh5 11. g4 Bg6 12. Ne5 Nfd7 13. Nxg6 hxg6 14. Be3 Nb6 15. Bb3 Nc6 16. a3 Na5 17. Ba2 Nac4 18. Qe2 Nd6 19. Rac1 Qd7 20. Rfe1 Rae8 21. Qf3 Qd8 22. Bf4 c6 23. d5 c5 24. Qg3 g5 25. Bxd6 Bxd6 26. Qg2 Nd7 27. Red1 Ne5 28. Bb1 b6 29. Nb5 a6 30. Nxd6 Qxd6 31. Rc3 Nc6 32. Re3 Nd4 33. Rde1 Rd8 34. Be4 g6 35. a4 a5 36. Qf1 Qf4 37. Qd3 Qf6 38. Bg2 Ne6 39. Qc3 Nd4 40. Qd3 1/2-1/2

[Event "Golden Sands Europe op 3rd"]
[Site "Golden Sands"]
[Date "2014.06.14"]
[Round "5"]
[White "Limbourg, Philipp"]
[Black "Hoolt, Sarah"]
[Result "0-1"]
[WhiteElo "2166"]
[BlackElo "2341"]
[PlyCount "106"]
[EventDate "2014.06.10"]
[EventType "swiss"]
[EventRounds "9"]
[EventCountry "BUL"]
[SourceTitle "CBM 160 Extra"]
[Source "ChessBase"]
[SourceDate "2014.07.01"]
[SourceVersion "1"]
[SourceVersionDate "2014.07.01"]
[SourceQuality "1"]

1. e4 c5 2. Nc3 e6 3. f4 a6 4. Nf3 Nc6 5. d3 d5 6. g3 Nf6 7. Bg2 Be7 8. 0-0 b5 9. Ne5 Nd4 10. exd5 exd5 11. Ne2 Nf5 12. Nc6 Qd6 13. Nxe7 Kxe7 14. Re1 Kf8 15. c4 Be6 16. Nc3 Nd4 17. cxd5 Bg4 18. Qd2 Nf3+ 19. Bxf3 Bxf3 20. Qf2 Bg4 21. Be3 Nd7 22. Ne4 Qxd5 23. Nxc5 Nf6 24. Ne4 Qxd3 25. Bc5+ Kg8 26. Nxf6+ gxf6 27. Re3 Qd5 28. Rae1 Kg7 29. b4 a5 30. Qb2 axb4 31. Be7 Ra6 32. Rb3 Rb8 33. Rxb4 Rbb6 34. a3 Re6 35. Bxf6+ Rxf6 36. Rxb5 Qd7 37. Rg5+ Kh6 38. Qe5 Rg6 39. Qb8 Qd4+ 40. Kf1 Bh3+ 41. Ke2 Rae6+ 42. Re5 Rxe5+ 43. fxe5 Qe4+ 44. Kf2 Qg2+ 45. Ke3 Qxh2 46. Qf8+ Rg7 47. Re2 Qxg3+ 48. Kd2 Be6 49. Re3 Qg4 50. Ke1 Qg1+ 51. Kd2 Kh5 52. Re2 Qd4+ 53. Kc2 Bf5+ 0-1

[Event "Golden Sands Europe op 3rd"]
[Site "Golden Sands"]
[Date "2014.06.12"]
[Round "3"]
[White "Limbourg, Philipp"]
[Black "Smirnov, Artem"]
[Result "0-1"]
[WhiteElo "2166"]
[BlackElo "2463"]
[PlyCount "55"]
[EventDate "2014.06.10"]
[EventType "swiss"]
[EventRounds "9"]
[EventCountry "BUL"]
[SourceTitle "CBM 160 Extra"]
[Source "ChessBase"]
[SourceDate "2014.07.01"]
[SourceVersion "1"]
[SourceVersionDate "2014.07.01"]
[SourceQuality "1"]

1. e4 c5 2. Nc3 e6 3. f4 a6 4. Nf3 d5 5. d3 Nc6 6. Be2 g6 7. 0-0 Bg7 8. Qe1 Nge7 9. Kh1 b5 10. f5 exf5 11. Nxd5 0-0 12. Bg5 f6 13. Be3 Nxd5 14. exd5 Nb4 15. Bxc5 Nxc2 16. Qc3 Nxa1 17. Bxf8 Bxf8 18. Rxa1 Bb7 19. d4 Rc8 20. Qd2 Qxd5 21. Bd1 Kg7 22. Bb3 Qd6 23. d5 Re8 24. Rd1 Qb4 25. Qd3 Bd6 26. a3 Qf4 27. Qd4 Qe3 28. Ba2 0-1

[Event "Oberliga NRW 1314"]
[Site "Germany"]
[Date "2014.04.06"]
[Round "8.8"]
[White "Rott, Georg"]
[Black "Limbourg, Philipp"]
[Result "1/2-1/2"]
[WhiteElo "2147"]
[BlackElo "2096"]
[PlyCount "84"]
[EventDate "2013.09.15"]
[EventType "team-tourn"]
[EventRounds "9"]
[EventCountry "GER"]
[SourceTitle "EXT 2015"]
[Source "ChessBase"]
[SourceDate "2014.11.20"]
[SourceVersion "1"]
[SourceVersionDate "2014.11.20"]
[SourceQuality "1"]
[WhiteTeam "Muenster"]
[BlackTeam "Muelheim II"]
[WhiteTeamCountry "GER"]
[BlackTeamCountry "GER"]

1. e4 c5 2. Nf3 g6 3. c3 Bg7 4. d4 cxd4 5. cxd4 d5 6. exd5 Nf6 7. Bb5+ Bd7 8. Bc4 0-0 9. Nc3 Bg4 10. Be3 Nbd7 11. h3 Bxf3 12. Qxf3 Nb6 13. Bb3 a5 14. a3 a4 15. Ba2 Ra5 16. d6 Qxd6 17. 0-0 Qd7 18. Rac1 e6 19. Rfd1 Nbd5 20. Bd2 Ra6 21. Nxd5 Nxd5 22. Bxd5 exd5 23. Rc5 Rf6 24. Qg4 Rf5 25. Be3 b6 26. Rc2 Qb5 27. Rdc1 Rf6 28. Qd1 Re6 29. Qd2 Rfe8 30. Rc7 Bf8 31. Qc2 Bd6 32. Ra7 R6e7 33. Qxa4 Qxb2 34. Rxe7 Rxe7 35. Rd1 Qxa3 36. Qc6 Rxe3 37. fxe3 Qxe3+ 38. Kf1 Qf4+ 39. Ke2 Qe4+ 40. Kf2 Qf4+ 41. Kg1 Qh2+ 42. Kf2 Qf4+ 1/2-1/2

[Event "Golden Sands Europe op 2nd"]
[Site "Golden Sands"]
[Date "2013.06.12"]
[Round "3"]
[White "Nakar, Eylon"]
[Black "Limbourg, Philipp"]
[Result "1-0"]
[WhiteElo "2390"]
[BlackElo "2187"]
[PlyCount "65"]
[EventDate "2013.06.10"]
[EventType "swiss"]
[EventRounds "9"]
[EventCountry "BUL"]
[SourceTitle "CBM 154 Extra"]
[Source "ChessBase"]
[SourceDate "2013.06.25"]
[SourceVersion "2"]
[SourceVersionDate "2013.06.25"]
[SourceQuality "1"]

1. e4 c5 2. Nf3 e6 3. d4 cxd4 4. Nxd4 Qb6 5. Nc3 Bc5 6. Na4 Qa5+ 7. c3 Bxd4 8. Qxd4 Nf6 9. Nc5 0-0 10. f3 Nc6 11. Qf2 d5 12. Bg5 Nd7 13. Nb3 Qc7 14. exd5 exd5 15. Be2 Re8 16. Qg3 Nde5 17. 0-0 Bf5 18. Rad1 Qb6+ 19. Kh1 Nc4 20. Rxd5 Rxe2 21. Rxf5 Ne3 22. Bxe3 Qxe3 23. Nc5 Re8 24. Ne4 Rd8 25. h3 h6 26. Kh2 Rxb2 27. Re1 Re2 28. Rxe2 Qxe2 29. Qc7 Qxa2 30. Qxb7 Qe6 31. Rc5 Ne5 32. Qxa7 f5 33. Qc7 1-0

[Event "Ruhrgebiet Verbandsliga2 1213"]
[Site "Nordrheinwestfalen"]
[Date "2013.04.28"]
[Round "9.3"]
[White "Limbourg, Philipp"]
[Black "Schulz, Hartmut"]
[Result "1/2-1/2"]
[WhiteElo "2074"]
[BlackElo "2052"]
[PlyCount "48"]
[EventDate "2012.09.02"]
[EventType "team-tourn"]
[EventRounds "9"]
[EventCountry "GER"]
[SourceTitle "EXT 2020"]
[Source "ChessBase"]
[SourceDate "2019.10.17"]
[SourceVersion "1"]
[SourceVersionDate "2019.10.17"]
[SourceQuality "1"]
[WhiteTeam "Muelheim Nord III"]
[BlackTeam "Doppelbauer Brambauer"]
[WhiteTeamCountry "GER"]
[BlackTeamCountry "GER"]

1. e4 c6 2. Nc3 d5 3. Nf3 dxe4 4. Nxe4 Nf6 5. Qe2 Bf5 6. d3 e6 7. h3 h6 8. Bd2 Nbd7 9. Nxf6+ Nxf6 10. 0-0-0 Bd6 11. g4 Bg6 12. Nh4 Bh7 13. Nf5 Rg8 14. Bg2 Qc7 15. Nxd6+ Qxd6 16. f4 0-0-0 17. Qf2 b6 18. Kb1 Nd5 19. Rhf1 Rd7 20. f5 e5 21. h4 f6 22. g5 hxg5 23. hxg5 Rgd8 24. Be4 Bg8 1/2-1/2

[Event "Ruhrgebiet Verbandsliga2 1213"]
[Site "Nordrheinwestfalen"]
[Date "2013.02.03"]
[Round "6.3"]
[White "Delvos, Thorsten"]
[Black "Limbourg, Philipp"]
[Result "1/2-1/2"]
[WhiteElo "1950"]
[BlackElo "2074"]
[PlyCount "53"]
[EventDate "2012.09.02"]
[EventType "team-tourn"]
[EventRounds "9"]
[EventCountry "GER"]
[SourceTitle "EXT 2020"]
[Source "ChessBase"]
[SourceDate "2019.10.17"]
[SourceVersion "1"]
[SourceVersionDate "2019.10.17"]
[SourceQuality "1"]
[WhiteTeam "Mengede SG"]
[BlackTeam "Muelheim Nord III"]
[WhiteTeamCountry "GER"]
[BlackTeamCountry "GER"]

1. d4 f5 2. Bg5 d5 3. Nf3 Nd7 4. e3 Ngf6 5. c4 c6 6. Nbd2 e6 7. Ne5 Bd6 8. f4 0-0 9. Be2 Qa5 10. 0-0 Ne4 11. Nxe4 Bxe5 12. dxe5 fxe4 13. Be7 Rf7 14. Bd6 Qd8 15. cxd5 cxd5 16. Rc1 Nb6 17. a4 Bd7 18. b3 Rc8 19. Qd4 Rxc1 20. Rxc1 Nc8 21. Ba3 a6 22. g3 g6 23. Bg4 h5 24. Be2 Be8 25. Qc3 Na7 26. Qc5 Nc6 27. Qd6 1/2-1/2